000 00811pam a2200241 a 4500
008
020 _a0813808588 (pbk.)
049 _aMAIN
090 _aQH577
100 1 _aHughes, Arthur Frederick William
245 1 2 _aA history of cytology /
_cArthur Hughes.
260 _aAmes :
_bIowa State University Press ,
_c1989
300 _ax, 158 p., [4] p., 12 p. of plates :
_bill. ;
_c22 cm.
440 0 _aHistory of science and technology reprint series
500 _aReprint. Originally published: London ; New York : Abelard-Schuman, 1959.
504 _aIncludes bibliographical references.
650 0 _aCytology
_xHistory.
907 _a.b1001441x
_b23-01-06
_c17-04-03
003
005 20230123134024.0
040 _cNUST
942 _cBOOKS
_kQH577
999 _c158673
_d158673